000 00307nam a22001337a 4500
008 171108b xxu||||| |||| 00| 0 eng d
020 _a2900070091671
041 _aeng
080 _25 ED
_a330.322
100 _a64
101 _aINV
245 _aFUNDAMENTALS OF INVESTMENT
_cMILLER.J
942 _2udc
_cBK
999 _c38219
_d38219